000 02210nam a2200229Ia 4500
003 Ost
005 20260416102356.0
008 260416s9999||||xx |||||||||||||| ||und||
040 _cfsecg
041 _aara
082 _a332.642
100 _aبلقاسم، ليندة
_eمؤلف
245 0 _a بورصة الأوراق المالية :
_bمطبوعة مخصصة لطلبة السنة الثالثة شعبة العلوم المالية و المحاسبة وفق المقرر الوزاري تخصص مالية المؤسسة /
_c ليندة بلقاسم
260 _aالجزائر
_bجامعة الجزائر3: كلية العلوم الإقتصادية، العلوم التجارية وعلوم التسيير
_c2021
300 _a340 ورقة
_bايضاحات
_c30 سم
504 _aمراجع ص.320
520 _aماهيو البورصات و تطورها التاريخي و أهدافها و علاقة البورصات بالمؤسسات و الأسواق المالية الاخرى ووظائف البورصات و الأبعاد الإدارية و التنظيمية لبورصة الاوراق المالية و المؤسسات العاملة في بورصة الاوراق المالية ، الاوراق و المنتجات المالية المتداولة في بورصة الاوراق المالية ، قواعد البيع و الشراء في بورصة الاوراق المالية ، تسعير الأوراق المالية في البورصة ، قياس كفاءة أسواق المال و البورصات ، مؤشرات بورصة الاوراق المالية ، البورصات المتقدمة و البورصات الناشئة ، دور تقنية المعلومات في تنشيط التداول و الربط الالكتروني للبورصات ( البورصات الالكترونية)و أخيرا مصطلحات شائعة الاستخدام في بورصة الاوراق المالية.
653 _aالاوراق المالية
653 _aالبورصات
710 _aجامعة الجزائر3: كلية العلوم الإقتصادية، العلوم التجارية وعلوم التسيير
_eناشر علمي
942 _cHANDOUT
999 _c41227
_d41227